Villes d'URSS - Statistiques

Statistiques générales
  • Ce quiz a été pris 156 fois
    109 depuis la dernière actualisation
  • Le résultat moyen est 23 sur 79
Statistiques - réponses
Ville Population en 1970 République socialiste % Correct
Moscou 7 194 300 RSFS de Russie
98%
Kiev 1 631 908 RSS d'Ukraine
94%
Leningrad 3 512 974 RSFS de Russie
93%
Bakou 1 262 515 RSS d'Azerbaïdjan
76%
Minsk 917 428 RSS de Biélorussie
73%
Riga 731 800 RSS de Lettonie
68%
Erevan 766 705 RSS d'Arménie
67%
Tbilissi 889 000 RSS de Géorgie
66%
Vilnius 372 100 RSS de Lituanie
65%
Odessa 891 546 RSS d'Ukraine
62%
Tachkent 1 384 509 RSS d'Ouzbékistan
62%
Volgograd 817 647 RSFS de Russie
61%
Kharkiv 1 222 852 RSS d'Ukraine
59%
Vladivostok 440 889 RSFS de Russie
59%
Donetsk 878 590 RSS d'Ukraine
55%
Rostov-sur-le-Don 788 827 RSFS de Russie
53%
Kazan 868 537 RSFS de Russie
52%
Chișinău 358 890 RSS de Moldavie
51%
Frounzé 430 618 RSS kirghize
49%
Talinn 362 706 RSS d'Estonie
48%
Lviv 553 452 RSS d'Ukraine
47%
Douchanbé 373 885 RSS du Tadjikistan
46%
Gorki 1 170 133 RSFS de Russie
46%
Sverdlovsk 1 025 045 RSFS de Russie
46%
Achgabat 256 000 RSS du Turkménistan
45%
Alma-Ata 729 633 RSS kazakhe
41%
Jdanov 416 927 RSS d'Ukraine
41%
Dnipropetrovsk 904 000 RSS d'Ukraine
38%
Novossibirsk 1 160 963 RSFS de Russie
35%
Kaliningrad 296 962 RSFS de Russie
34%
Kouïbychev 1 044 849 RSFS de Russie
33%
Koursk 284 162 RSFS de Russie
33%
Krasnodar 460 147 RSFS de Russie
32%
Mourmansk 308 642 RSFS de Russie
31%
Omsk 821 151 RSFS de Russie
31%
Grozny 341 259 RSFS de Russie
29%
Perm 850 324 RSFS de Russie
26%
Tcheliabinsk 875 210 RSFS de Russie
26%
Irkoutsk 450 941 RSFS de Russie
25%
Oufa 770 905 RSFS de Russie
25%
Krasnoïarsk 648 113 RSFS de Russie
21%
Samarcande 300 443 RSS d'Ouzbékistan
21%
Tomsk 338 389 RSFS de Russie
20%
Kherson 260 687 RSS d'Ukraine
19%
Saratov 757 330 RSFS de Russie
18%
Voronej 660 182 RSFS de Russie
18%
Arkhangelsk 342 590 RSFS de Russie
16%
Toula 461 965 RSFS de Russie
14%
Iaroslavl 517 314 RSFS de Russie
13%
Astrakhan 410 473 RSFS de Russie
12%
Oulianovsk 351 085 RSFS de Russie
12%
Togliatti 250 853 RSFS de Russie
12%
Homiel 272 300 RSS de Biélorussie
9%
Khabarovsk 435 962 RSFS de Russie
9%
Tioumen 268 526 RSFS de Russie
9%
Mykolaïv 331 037 RSS d'Ukraine
8%
Orenbourg 344 266 RSFS de Russie
8%
Oulan-Oudé 253 259 RSFS de Russie
8%
Penza 373 650 RSFS de Russie
8%
Riazan 350 151 RSFS de Russie
8%
Tver 395 112 RSFS de Russie
8%
Briansk 317 504 RSFS de Russie
7%
Ivanovo 419 639 RSFS de Russie
7%
Zaporojié 657 890 RSS d'Ukraine
7%
Kemerovo 384 989 RSFS de Russie
6%
Kirov 332 503 RSFS de Russie
6%
Kryvyï Rih 573 174 RSS d'Ukraine
6%
Karaganda 523 271 RSS kazakhe
5%
Lipetsk 289 138 RSFS de Russie
4%
Barnaoul 439 134 RSFS de Russie
2%
Ijevsk 422 459 RSFS de Russie
2%
Horlivka 335 064 RSS d'Ukraine
1%
Novokouznetsk 499 183 RSFS de Russie
1%
Magnitogorsk 364 209 RSFS de Russie
0%
Makiïvka 392 250 RSS d'Ukraine
0%
Nijni Taguil 378 410 RSFS de Russie
0%
Prokopievsk 274 485 RSFS de Russie
0%
Taganrog 254 154 RSFS de Russie
0%
Vorochilovgrad 382 774 RSS d'Ukraine
0%
Aucun quiz correspondant
Distribution des résultats
% des personnes avec chaque résultat
Percentile par nombre de réponses
Votre historique - résultats
Vous n’avez pas pris ce quiz depuis la dernière actualisation